Countries and World Capitals Starting With V - Statistics

General Stats
  • This quiz has been taken 202 times
  • The average score is 9 of 11
Answer Stats
country/capital % Correct
Venezuela
96%
Vanuatu
94%
Vatican City
89%
Vatican City
89%
Vaduz
85%
Vientiane
85%
Vietnam
80%
Vienna
71%
Vilnius
67%
Valletta
59%
Victoria
50%
No matching quizzes found
Score Distribution
Percent of People with Each Score
Percentile by Number Answered
Your Score History
You have not taken this quiz